000 00439nam a22001697a 4500
005 20180727162412.0
008 160430b xxu||||| |||| 00| 0 eng d
020 _a0-7069-9905-3
041 _aeng
082 _b1075
_a658.3
100 _aDavar, S. Rustom
_9343
245 _aPersonnal management and industrial relations
260 _bVikas Publishing house Pvt. Ltd.
_c2002
300 _a421p,
650 _aManagement
_9241
942 _cBK
999 _c397
_d397